[Event "SVK Amateur-ch 2020"]
[Site "Topolcany"]
[Date "2020.07.11"]
[Round "3.13"]
[White "Kukan, Michal"]
[Black "Osmanovic, Faruk"]
[Result "1-0"]
[WhiteElo "1760"]
[BlackElo "1999"]
[Annotator "ChessBase"]
[PlyCount "111"]
[EventDate "2020.07.10"]
[EventType "swiss"]
[EventCountry "SVK"]
[SourceTitle "playchess.com"]
[Source "ChessBase"]
[SourceQuality "1"]
[TimeControl "3600+30"]

1. c4 {[%emt 0:00:00]} c6 {[%emt 0:00:00]} 2. d4 {[%emt 0:00:21]} d5 {[%emt 0:00:00]} 3. Nc3 {[%emt 0:00:13]} Nf6 {[%emt 0:00:00]} 4. h3 {[%emt 0:00:30]} Bf5 {[%emt 0:00:01]} 5. cxd5 {[%emt 0:00:43]} cxd5 {[%emt 0:00:05]} 6. Bf4 {[%emt 0:01:11]} Nc6 {[%emt 0:00:05]} 7. Nf3 {[%emt 0:00:39]} Rc8 {[%emt 0:00:19]} 8. Nh4 {[%emt 0:00:35]} Bd7 {[%emt 0:00:25]} 9. e3 {[%emt 0:01:28]} e6 {[%emt 0:00:02]} 10. Be2 {[%emt 0:02:54]} Be7 {[%emt 0:00:01]} 11. O-O {[%emt 0:00:28]} Ne4 {[%emt 0:00:35]} 12. Nf3 {[%emt 0:01:34]} g5 {[%emt 0:01:58]} 13. Bh2 {[%emt 0:02:10]} Nxc3 {[%emt 0:08:50]} 14. bxc3 {[%emt 0:00:07]} Qa5 {[%emt 0:00:04]} 15. Qb3 {[%emt 0:01:38]} b6 {[%emt 0:02:39]} 16. Rfc1 {[%emt 0:02:38]} Qa3 {[%emt 0:01:09]} 17. Rc2 {[%emt 0:05:45]} Qa5 {[%emt 0:05:05]} 18. Ne5 {[%emt 0:02:59]} Nxe5 {[%emt 0:00:12]} 19. Bxe5 {[%emt 0:00:06]} f6 {[%emt 0:00:15]} 20. Bh5+ {[%emt 0:24:33]} Kd8 {[%emt 0:03:53]} 21. Bg3 {[%emt 0:02:17]} Ba4 {[%emt 0:01:54]} 22. Qb2 {[%emt 0:01:32]} Bxc2 {[%emt 0:00:07]} 23. Qxc2 {[%emt 0:00:15]} Qxc3 {[%emt 0:00:11]} 24. Qd1 {[%emt 0:00:45]} Qc2 {[%emt 0:01:38]} 25. Qf1 {[%emt 0:01:55]} Qb2 {[%emt 0:04:32]} 26. a4 {[%emt 0:02:14]} Ba3 {[%emt 0:00:55]} 27. Kh2 {[%emt 0:01:19]} Ke7 {[%emt 0:06:39]} 28. Qa6 {[%emt 0:03:10]} Bd6 {[%emt 0:00:53]} 29. Rf1 {[%emt 0:03:42]} Bxg3+ {[%emt 0:01:34]} 30. fxg3 {[%emt 0:00:04]} Rc7 {[%emt 0:00:07]} 31. Qd3 {[%emt 0:02:27]} Qc2 {[%emt 0:02:16]} 32. Qa3+ {[%emt 0:00:35]} Kd7 {[%emt 0:04:41]} 33. Rxf6 {[%emt 0:00:13]} Qc1 {[%emt 0:02:55]} 34. Qd3 {[%emt 0:01:59]} Qc4 {[%emt 0:01:01]} 35. Qa3 {[%emt 0:01:11]} Qc3 {[%emt 0:02:44]} 36. Rf7+ {[%emt 0:00:30]} Kc8 {[%emt 0:00:11]} 37. Qd6 {[%emt 0:01:59]} Rxf7 {[%emt 0:08:17]} 38. Bxf7 {[%emt 0:00:22]} Rd8 {[%emt 0:01:06]} 39. Bxe6+ {[%emt 0:00:16]} Kb7 {[%emt 0:00:12]} 40. Qxd8 {[%emt 0:00:17]} Ka6 {[%emt 0:00:07]} 41. Bxd5 {[%emt 0:00:17]} Qxe3 {[%emt 0:00:10]} 42. Bc4+ {[%emt 0:00:45]} Ka5 {[%emt 0:00:04]} 43. Qd7 {[%emt 0:00:41]} a6 {[%emt 0:00:24]} 44. Qb7 {[%emt 0:00:45]} Qxd4 {[%emt 0:00:12]} 45. Qxa6+ {[%emt 0:00:12]} Kb4 {[%emt 0:00:01]} 46. Qb5+ {[%emt 0:00:32]} Kc3 {[%emt 0:00:09]} 47. Qb3+ {[%emt 0:00:25]} Kd2 {[%emt 0:00:00]} 48. Bf1 {[%emt 0:00:39]} h6 {[%emt 0:01:00]} 49. Qa2+ {[%emt 0:00:24]} Kc1 {[%emt 0:00:18]} 50. Bb5 {[%emt 0:00:43]} Qd6 {[%emt 0:00:46]} 51. Qc4+ {[%emt 0:00:33]} Kb2 {[%emt 0:00:11]} 52. Qe2+ {[%emt 0:00:34]} Kc1 {[%emt 0:00:45]} 53. Qd3 {[%emt 0:00:20]} Qf6 {[%emt 0:00:13]} 54. Bc4 {[%emt 0:00:23]} Qc6 {[%emt 0:03:30]} 55. Qc3+ {[%emt 0:00:37]} Kd1 {[%emt 0:00:08]} 56. Be2+ {[%emt 0:00:07]} 1-0

[Event "SVK Amateur-ch 2020"]
[Site "Topolcany"]
[Date "2020.07.11"]
[Round "3.14"]
[White "Hros, Roman"]
[Black "Ihnat, Marek ml."]
[Result "1-0"]
[WhiteElo "2187"]
[BlackElo "2065"]
[Annotator "TA"]
[PlyCount "35"]
[EventDate "2020.07.10"]
[EventType "swiss"]
[EventCountry "SVK"]
[SourceTitle "playchess.com"]
[Source "ChessBase"]
[SourceQuality "1"]

{[%evp 9,35,15,54,41,85,103,94,92,111,117,111,125,128,96,123,71,118,95,314,312,328,325,331,319,321,270,268,256]} 1. e4 c5 2. Nc3 Nc6 3. Bb5 e6 4. Bxc6 bxc6 5. d3 g6 6. f4 {B23: Closed Sicilian: Lines without g3.} Ne7 7. Nf3 Bg7 8. O-O {White is better.} Rb8 9. Qe1 O-O 10. b3 d6 11. Rb1 {[#]} f5 $146 ({Predecessor:} 11... Ba6 12. Na4 c4 13. Qe2 cxd3 14. cxd3 Bb5 15. Bb2 Bxa4 16. Bxg7 Kxg7 17. bxa4 Qa5 18. Qc2 c5 19. Rb3 Rxb3 20. axb3 {1-0 (37) Bastian,R-Kreuchauf,O (1777) Berlin 2016}) 12. Bd2 ({Better is} 12. e5) 12... Qc7 13. e5 d5 $2 {[#]} (13... Nd5 $16) 14. Na4 $18 {White has a decisive advantage.} c4 15. Ba5 ({Not} 15. bxc4 Rxb1 16. Qxb1 dxc4 $16) ({Weaker is} 15. dxc4 c5 $16) 15... Qd7 16. Nc5 ({Don't play} 16. bxc4 Rxb1 17. Qxb1 dxc4 $18) 16... Qe8 17. bxc4 Rxb1 18. Qxb1 {Black did not feel at home in the position after the opening. Accuracy: White = 74%, Black = 63%.} 1-0

[Event "SVK Amateur-ch 2020"]
[Site "Topolcany"]
[Date "2020.07.11"]
[Round "3.14"]
[White "Panda, Barnabas"]
[Black "Kucera, Michal"]
[Result "0-1"]
[WhiteElo "1741"]
[BlackElo "1978"]
[Annotator "ChessBase"]
[PlyCount "88"]
[EventDate "2020.07.10"]
[EventType "swiss"]
[EventCountry "SVK"]
[SourceTitle "playchess.com"]
[Source "ChessBase"]
[SourceQuality "1"]
[TimeControl "3600+30"]

1. d4 {[%emt 0:00:00]} Nf6 {[%emt 0:00:00]} 2. c4 {[%emt 0:00:00]} e6 {[%emt 0:00:00]} 3. Nc3 {[%emt 0:00:04]} Bb4 {[%emt 0:00:00]} 4. Qc2 {[%emt 0:00:22]} O-O {[%emt 0:02:59]} 5. a3 {[%emt 0:01:58]} Bxc3+ {[%emt 0:00:22]} 6. Qxc3 {[%emt 0:00:12]} d6 {[%emt 0:01:27]} 7. Nf3 {[%emt 0:01:44]} Nbd7 {[%emt 0:03:27]} 8. e3 {[%emt 0:05:50]} b6 {[%emt 0:02:38]} 9. b4 {[%emt 0:03:22]} c5 {[%emt 0:02:04]} 10. Bb2 {[%emt 0:03:18]} Ne4 {[%emt 0:02:57]} 11. Qc2 {[%emt 0:01:19]} Bb7 {[%emt 0:00:52]} 12. Bd3 {[%emt 0:02:28]} f5 {[%emt 0:01:05]} 13. O-O {[%emt 0:02:31]} Qe7 {[%emt 0:02:04]} 14. Rfd1 {[%emt 0:06:47]} Rac8 {[%emt 0:07:20]} 15. dxc5 {[%emt 0:06:07]} dxc5 {[%emt 0:00:53]} 16. Bxe4 {[%emt 0:03:19]} Bxe4 {[%emt 0:01:32]} 17. Qa4 {[%emt 0:00:37]} Nf6 {[%emt 0:07:40]} 18. Ne5 {[%emt 0:03:44]} Rfd8 {[%emt 0:05:07]} 19. f3 {[%emt 0:03:07]} Ba8 {[%emt 0:01:19]} 20. Rac1 {[%emt 0:01:12]} Rc7 {[%emt 0:10:51]} 21. Rxd8+ {[%emt 0:03:02]} Qxd8 {[%emt 0:00:01]} 22. Rd1 {[%emt 0:00:14]} Qe7 {[%emt 0:01:40]} 23. Rd2 {[%emt 0:01:44]} Rc8 {[%emt 0:07:03]} 24. Nd7 {[%emt 0:05:03]} Bc6 {[%emt 0:00:36]} 25. Qxa7 {[%emt 0:01:51]} Nxd7 {[%emt 0:05:28]} 26. b5 {[%emt 0:00:11]} Bxb5 {[%emt 0:00:33]} 27. cxb5 {[%emt 0:00:12]} Rd8 {[%emt 0:00:13]} 28. Be5 {[%emt 0:02:06]} Kf7 {[%emt 0:01:13]} 29. Bc7 {[%emt 0:01:20]} Rc8 {[%emt 0:00:44]} 30. Qb7 {[%emt 0:01:45]} Re8 {[%emt 0:00:42]} 31. Bd6 {[%emt 0:00:40]} Qd8 {[%emt 0:00:17]} 32. Bf8 {[%emt 0:00:47]} Kxf8 {[%emt 0:00:24]} 33. Rxd7 {[%emt 0:00:43]} Qf6 {[%emt 0:00:12]} 34. Qxb6 {[%emt 0:01:08]} Qa1+ {[%emt 0:00:30]} 35. Kf2 {[%emt 0:00:06]} Qb2+ {[%emt 0:00:12]} 36. Kg3 {[%emt 0:00:25]} Qe5+ {[%emt 0:00:10]} 37. Kh3 {[%emt 0:00:41]} Qxe3 {[%emt 0:00:12]} 38. Qd6+ {[%emt 0:00:50]} Kg8 {[%emt 0:00:14]} 39. a4 {[%emt 0:00:54]} g5 {[%emt 0:00:18]} 40. Qd2 {[%emt 0:01:20]} g4+ {[%emt 0:00:37]} 41. Kh4 {[%emt 0:00:55]} Qe5 {[%emt 0:02:31]} 42. Qg5+ {[%emt 0:00:27]} Kh8 {[%emt 0:00:10]} 43. Qh6 {[%emt 0:00:23]} Qxh2+ {[%emt 0:00:14]} 44. Kg5 {[%emt 0:00:20]} Rg8+ {[%emt 0:00:10]} 0-1

[Event "SVK Amateur-ch 2020"]
[Site "Topolcany"]
[Date "2020.07.11"]
[Round "3.15"]
[White "Terbe, Zsuzsanna"]
[Black "Tropp, Frantisek"]
[Result "1-0"]
[WhiteElo "2192"]
[BlackElo "2032"]
[Annotator "TA"]
[PlyCount "99"]
[EventDate "2020.07.10"]
[EventType "swiss"]
[EventCountry "SVK"]
[SourceTitle "playchess.com"]
[Source "ChessBase"]
[SourceQuality "1"]

{[%evp 10,99,4,0,18,12,44,43,33,35,50,50,48,48,49,48,54,25,35,20,19,22,33,0,-6,0,22,-54,0,0,37,40,64,60,152,141,263,266,452,458,396,246,262,255,575,564,544,528,644,647,676,606,578,450,584,448,477,391,419,308,445,445,445,449,472,364,358,356,358,298,362,327,334,0,378,362,404,401,394,404,429,441,447,447,688,486,927,761,927,927,1397,1347]} 1. d4 Nf6 2. Nf3 e6 3. Bf4 d5 4. e3 Bd6 5. Nbd2 Bxf4 6. exf4 Qd6 {D02: 1 d4 d5 2 Nf3 sidelines, including 2...Nf6 3 g3 and 2...Nf6 3 Bf4.} 7. g3 $1 c5 8. dxc5 Qxc5 {White is slightly better.} 9. Bd3 Nc6 10. a3 {[#]} a5 $146 ({Predecessor:} 10... O-O 11. O-O b6 12. Nb3 Qe7 13. Re1 Bb7 14. Nbd2 Rfd8 15. Qe2 Qc7 16. Rad1 h6 {1-0 (48) Palencia Morales,G (2320)-Brizuela Abreu,R (2317) Caracas 2014}) 11. O-O Qb6 12. Rb1 O-O 13. c4 Bd7 14. Qe2 Rfd8 15. Rfc1 a4 16. b4 axb3 $1 17. Rxb3 Qc7 18. Nb1 (18. cxd5 $11 exd5 19. Ne5) 18... Be8 (18... Na5 $15 19. Rbc3 Bc6) 19. cxd5 $11 exd5 20. Qb2 Ra7 21. Nc3 $36 {[%mdl 2048] And now Nb5 would win. White is more active.} Na5 {[#] White now steadily converts the win.} (21... Qe7 $14) 22. Nxd5 $1 $16 {[%mdl 512]} Qxc1+ (22... Qd6 $16 23. Nxf6+ Qxf6) (22... Rxd5 23. Rxc7) 23. Qxc1 $18 Nxb3 $2 (23... Nxd5 {keeps fighting.} 24. Rb2 Raa8) 24. Nxf6+ gxf6 25. Qc3 Rxa3 26. Bc2 Ra1+ $2 {[#]} (26... Bc6 {is more resistant.}) 27. Kg2 Bc6 {With the idea ...Nd4.} 28. Bxb3 Ra6 29. Kh3 Be4 30. Nh4 Rad6 31. f5 Kg7 32. Qe3 Bd3 33. Kg2 Bb5 34. Bc2 Bc6+ (34... Rd4 {was necessary.} 35. Nf3 Bc6) 35. Kh3 Bb5 36. Be4 b6 37. Qb3 Bf1+ 38. Bg2 Bd3 39. Qb4 b5 40. Qg4+ Kf8 41. Qb4 Kg7 $1 42. g4 Rd4 43. Qb2 h6 44. Nf3 R4d6 45. Kg3 {White is clearly winning.} Rb8 46. Qb4 Ra6 (46... Rbd8 $142 47. h4 Be2) 47. h4 Ra4 (47... Rd8 $142 48. g5 Rad6) 48. Qc3 Be4 49. g5 Rb6 50. gxh6+ {Accuracy: White = 70%, Black = 42%.} 1-0

[Event "SVK Amateur-ch 2020"]
[Site "Topolcany"]
[Date "2020.07.11"]
[Round "3.15"]
[White "Rabovszky Gyorgy"]
[Black "Chlpek, Daniel"]
[Result "1-0"]
[WhiteElo "1716"]
[BlackElo "1969"]
[Annotator "ChessBase"]
[PlyCount "59"]
[EventDate "2020.07.10"]
[EventType "swiss"]
[EventCountry "SVK"]
[SourceTitle "playchess.com"]
[Source "ChessBase"]
[SourceQuality "1"]
[TimeControl "3600+30"]

1. e4 {[%emt 0:00:00]} c6 {[%emt 0:00:00]} 2. d4 {[%emt 0:00:00]} d5 {[%emt 0:00:00]} 3. f3 {[%emt 0:00:16]} g6 {[%emt 0:01:41]} 4. Nc3 {[%emt 0:01:52]} Bg7 {[%emt 0:00:12]} 5. Be3 {[%emt 0:01:59]} dxe4 {[%emt 0:04:19]} 6. fxe4 {[%emt 0:00:54]} Nf6 {[%emt 0:00:19]} 7. Be2 {[%emt 0:02:08]} Qa5 {[%emt 0:05:06]} 8. Qd2 {[%emt 0:01:21]} Bg4 {[%emt 0:02:29]} 9. e5 {[%emt 0:02:52]} Bxe2 {[%emt 0:05:33]} 10. exf6 {[%emt 0:00:10]} Bxf6 {[%emt 0:00:04]} 11. Ngxe2 {[%emt 0:00:13]} Nd7 {[%emt 0:00:12]} 12. O-O {[%emt 0:11:56]} O-O {[%emt 0:01:52]} 13. Ne4 {[%emt 0:03:22]} Qxd2 {[%emt 0:00:35]} 14. Nxf6+ {[%emt 0:00:28]} Nxf6 {[%emt 0:00:27]} 15. Bxd2 {[%emt 0:00:09]} Rad8 {[%emt 0:01:21]} 16. Bg5 {[%emt 0:03:08]} Kg7 {[%emt 0:00:13]} 17. Bxf6+ {[%emt 0:00:47]} exf6 {[%emt 0:00:01]} 18. c3 {[%emt 0:00:45]} Rfe8 {[%emt 0:00:06]} 19. Rae1 {[%emt 0:01:36]} Rd5 {[%emt 0:01:27]} 20. Nf4 {[%emt 0:00:55]} Rxe1 {[%emt 0:00:08]} 21. Rxe1 {[%emt 0:00:10]} Rf5 {[%emt 0:00:23]} 22. g3 {[%emt 0:00:31]} Rb5 {[%emt 0:00:06]} 23. Nd3 {[%emt 0:00:56]} Kf8 {[%emt 0:00:45]} 24. Re2 {[%emt 0:01:12]} b6 {[%emt 0:00:18]} 25. c4 {[%emt 0:02:50]} Ra5 {[%emt 0:00:16]} 26. b3 {[%emt 0:00:45]} h5 {[%emt 0:00:07]} 27. Nb4 {[%emt 0:03:22]} c5 {[%emt 0:00:08]} 28. Nc6 {[%emt 0:00:17]} Ra3 {[%emt 0:00:08]} 29. d5 {[%emt 0:00:22]} a5 {[%emt 0:00:05]} 30. d6 {[%emt 0:00:36]} 1-0

[Event "SVK Amateur-ch 2020"]
[Site "Topolcany"]
[Date "2020.07.11"]
[Round "3.16"]
[White "Panko, Radoslav"]
[Black "Voros, Gellert"]
[Result "1/2-1/2"]
[WhiteElo "2031"]
[BlackElo "2197"]
[Annotator "TA"]
[PlyCount "53"]
[EventDate "2020.07.10"]
[EventType "swiss"]
[EventCountry "SVK"]
[SourceTitle "playchess.com"]
[Source "ChessBase"]
[SourceQuality "1"]

{[%evp 9,53,0,16,0,58,51,52,52,47,-5,27,36,24,25,49,40,73,54,43,49,42,55,45,45,57,56,68,57,83,70,110,98,127,91,102,77,79,76,133,141,131,128,153,37,135,129]} 1. d4 d5 2. Bg5 c6 3. e3 Qb6 4. Bd3 h6 5. Bf4 Nf6 {[#]} (5... Qxb2 $5 6. Nd2 $8 Nf6 $11) 6. Nd2 $146 {D00: 1 d4 d5: Unusual lines.} ({Predecessor:} 6. b3 Bg4 7. f3 Bd7 8. Ne2 a5 9. O-O Na6 10. c3 Rc8 11. e4 e6 12. e5 {1-0 (40) Hernandez Basante,F (2268)-Alvarado Rodriguez,D (2084) Cenfotec 2003}) 6... Bg4 (6... Qxb2 $11 7. Ne2 Qa3) 7. Qc1 e6 8. h3 {White is slightly better.} Bf5 9. Ngf3 (9. Bxf5 $14 exf5 10. Ne2) 9... Nbd7 10. Bxf5 exf5 11. c4 Bb4 12. O-O O-O 13. a3 Bxd2 14. Nxd2 Ne4 15. Nxe4 dxe4 16. b4 Qd8 17. a4 Re8 18. Rd1 a5 19. Qc3 Qf6 20. bxa5 g5 21. Bh2 f4 22. exf4 gxf4 23. Qd2 e3 (23... f3 $142) 24. fxe3 $1 $16 fxe3 25. Qe2 Rxa5 {[#]} 26. Ra3 (26. Rf1 $1 $16 {[%cal Rf1f6]} Qg7 27. Rf3) 26... Qg5 {[#]} (26... Nb6 $1 $14) 27. Rdd3 $1 {Accuracy: White = 76%, Black = 45%.} 1/2-1/2

[Event "SVK Amateur-ch 2020"]
[Site "Topolcany"]
[Date "2020.07.11"]
[Round "3.16"]
[White "Malinovsky Jozef"]
[Black "Meszarosova, Eva"]
[Result "0-1"]
[WhiteElo "1698"]
[BlackElo "1976"]
[Annotator "ChessBase"]
[PlyCount "48"]
[EventDate "2020.07.10"]
[EventType "swiss"]
[EventCountry "SVK"]
[SourceTitle "playchess.com"]
[Source "ChessBase"]
[SourceQuality "1"]
[TimeControl "3600+30"]

1. c4 {[%emt 0:00:00]} Nf6 {[%emt 0:00:00]} 2. Nf3 {[%emt 0:00:00]} g6 {[%emt 0:00:14]} 3. Nc3 {[%emt 0:00:08]} Bg7 {[%emt 0:00:11]} 4. e4 {[%emt 0:00:22]} d6 {[%emt 0:00:23]} 5. Be2 {[%emt 0:01:01]} O-O {[%emt 0:00:17]} 6. O-O {[%emt 0:00:06]} e5 {[%emt 0:00:32]} 7. d3 {[%emt 0:02:40]} c6 {[%emt 0:01:50]} 8. Be3 {[%emt 0:01:33]} Re8 {[%emt 0:03:07]} 9. Qb3 {[%emt 0:06:05]} Nbd7 {[%emt 0:01:51]} 10. Qa3 {[%emt 0:01:23]} Nf8 {[%emt 0:01:55]} 11. Rfe1 {[%emt 0:01:02]} d5 {[%emt 0:03:49]} 12. cxd5 {[%emt 0:01:31]} cxd5 {[%emt 0:00:18]} 13. Bg5 {[%emt 0:01:55]} dxe4 {[%emt 0:04:16]} 14. dxe4 {[%emt 0:00:50]} Ne6 {[%emt 0:08:11]} 15. Bxf6 {[%emt 0:07:33]} Bxf6 {[%emt 0:00:57]} 16. Red1 {[%emt 0:01:58]} Nd4 {[%emt 0:01:44]} 17. Kf1 {[%emt 0:00:56]} Be7 {[%emt 0:01:31]} 18. Qa4 {[%emt 0:01:08]} Bd7 {[%emt 0:02:05]} 19. Bb5 {[%emt 0:03:08]} Nxb5 {[%emt 0:01:53]} 20. Nxb5 {[%emt 0:02:46]} a6 {[%emt 0:00:18]} 21. Nc7 {[%emt 0:03:01]} Bxa4 {[%emt 0:01:41]} 22. Rxd8 {[%emt 0:00:02]} Raxd8 {[%emt 0:00:14]} 23. Nxe8 {[%emt 0:00:06]} Bb5+ {[%emt 0:00:47]} 24. Kg1 {[%emt 0:00:24]} Bxe8 {[%emt 0:01:04]} 0-1

[Event "SVK Amateur-ch 2020"]
[Site "Topolcany"]
[Date "2020.07.11"]
[Round "3.17"]
[White "Viczencz, Peter"]
[Black "Garban, Mario"]
[Result "1/2-1/2"]
[WhiteElo "2190"]
[BlackElo "2033"]
[Annotator "TA"]
[PlyCount "138"]
[EventDate "2020.07.10"]
[EventType "swiss"]
[EventCountry "SVK"]
[SourceTitle "playchess.com"]
[Source "ChessBase"]
[SourceQuality "1"]

{[%evp 9,137,7,14,3,13,-3,49,52,112,118,138,138,138,137,137,125,131,135,143,126,161,174,160,-33,-13,-10,-20,-31,-44,-45,-37,-45,-48,-49,-44,-55,-48,-76,-11,-62,-62,-176,-75,-185,-116,-186,-158,-150,-124,-325,-99,-130,-129,-120,-120,-129,-133,-173,-114,-176,-164,-157,-149,-155,-155,-409,-397,-383,-352,-470,-449,-415,-259,-364,-213,-258,-221,-225,-206,-195,-157,-145,-48,-51,-8,-32,-8,-8,-8,-8,-8,-97,-97,-127,-127,-127,-1,-1,-1,-8,-8,-127,-127,-144,-127,-144,-127,-144,-127,-144,-8,-144,-144,-144,-8,-8,-8,-8,-8,-8,-8,-8,-8,-8,-8,-8,-8,-8,-8,-8]} 1. e4 e5 2. f4 Bc5 3. Nf3 d6 4. c3 Bg4 5. Bc4 Nc6 6. h3 {C30: King's Gambit Declined.} Bxf3 7. Qxf3 Qf6 (7... Nf6 $11) 8. d3 {White is slightly better.} exf4 {[#]} (8... Nge7 $14) 9. d4 $146 ({But not} 9. Qxf4 $6 Ne5 $11) ({Predecessor:} 9. Bxf4 Ne5 10. Bxe5 Qxf3 11. gxf3 dxe5 12. Nd2 Rd8 13. Nb3 Bb6 14. O-O-O Ne7 15. d4 {½-½ (33) Holubcik,M (2052)-Kekely,L (2015) Slovakia 2005}) 9... Bb6 10. Bxf4 Nge7 11. Nd2 Ng6 12. Bg3 Qxf3 13. gxf3 O-O 14. O-O-O Kh8 15. h4 Nge7 16. e5 $2 (16. h5 $16) 16... dxe5 17. dxe5 Nf5 18. Bf4 Ne3 19. Bxe3 Bxe3 20. Rde1 Bf4 21. Re4 Bxe5 22. Bd5 {Hoping for Bxc6.} f5 $36 {[%mdl 2048] Black has some pressure.} 23. Rc4 Rf6 (23... Nd8 $17 {Threatens to win with ...c6.} 24. f4 Bd6) 24. f4 (24. Re1 $11 Bg3 25. Rg1) 24... Bd6 $15 25. Nf3 (25. Ra4 $15) 25... Re8 (25... Ne7 $1 $19 {[%cal Re7d5] is more deadly.} 26. Rd1 Nxd5 27. Rxd5 Kg8) 26. Rf1 (26. Ra4 $17) 26... Nd8 (26... Ne7 $1 $19 {[%cal Re7d5]} 27. Rd1 b5) 27. Nd4 (27. Rd4 $17 {was called for.}) 27... c6 28. Bg2 Ne6 29. Bh3 $2 (29. Nxe6 $17 Rfxe6 30. h5) 29... Bxf4+ $2 (29... Nxf4 $19 30. Rf3 Re1+ 31. Kd2 Rh1 32. Bxf5 Rh2+ 33. Kd1 Ng2) 30. Kb1 {next Nxe6 is good for White.} Nxd4 31. Rxd4 Be3 32. Rd7 f4 $1 33. Rxb7 f3 ({Better is} 33... Rh6 $19 34. Bg2 Rd8) 34. Re1 (34. Bd7 $17 Rd8 35. Kc2) 34... h6 35. Bf1 f2 36. Rd1 Bb6 37. Rbd7 $2 (37. Kc2 $17 {is the only way for White.}) 37... Re1 38. Kc2 Rfe6 39. c4 Rxd1 40. Rxd1 $19 {[%mdl 4096] Endgame KRB-KRB} Re1 41. b4 (41. h5 $142) 41... h5 (41... g5 $142 {...g4 is the strong threat.} 42. c5 Bc7 43. hxg5 hxg5) 42. c5 Bc7 43. a4 Kg8 44. b5 cxb5 45. axb5 Rxd1 (45... Kf8 $17 46. c6 Ke8) 46. Kxd1 {KB-KB} Kf7 47. Ke2 Bg3 48. Kf3 Bxh4 49. b6 axb6 50. cxb6 (50. Bc4+ $1 $11 Ke7 51. cxb6) 50... Bd8 $17 51. b7 Bc7 52. Kxf2 Kf6 ({Black should try} 52... g5 $17 53. b8=B Bxb8) 53. Be2 Kg5 54. Kg2 Kh4 55. Bd1 {[#]} (55. Kf3 $11 {was the only way to keep the balance.}) 55... g5 $1 56. Be2 g4 57. Bd1 Kg5 58. Be2 Kf4 59. Bb5 h4 {[#]} (59... Bb8 $17 60. Bc6 h4) 60. Bd7 (60. b8=B $1 $11 {[%mdl 512] keeps the balance.} Bxb8 61. Kh2) 60... h3+ 61. Kh1 Kg3 {[#]} (61... Bb8 $17 62. Be6 Kg5) 62. Bxg4 $1 $11 {[%mdl 512] The position is equal.} Kxg4 63. b8=Q Bxb8 64. Kg1 Kf3 65. Kh1 Bg3 66. Kg1 Kg4 67. Kh1 h2 68. Kg2 Kh4 69. Kh1 Kh3 {A wild game. Accuracy: White = 49%, Black = 53%.} 1/2-1/2

[Event "SVK Amateur-ch 2020"]
[Site "Topolcany"]
[Date "2020.07.11"]
[Round "3.17"]
[White "Trangos, Miroslav"]
[Black "Mikula, Martin"]
[Result "1-0"]
[WhiteElo "1971"]
[BlackElo "1641"]
[Annotator "ChessBase"]
[PlyCount "74"]
[EventDate "2020.07.10"]
[EventType "swiss"]
[EventCountry "SVK"]
[SourceTitle "playchess.com"]
[Source "ChessBase"]
[SourceQuality "1"]
[TimeControl "3600+30"]

1. d4 {[%emt 0:00:00]} Nf6 {[%emt 0:00:00]} 2. c4 {[%emt 0:00:00]} e6 {[%emt 0:00:08]} 3. Nc3 {[%emt 0:00:03]} Bb4 {[%emt 0:00:16]} 4. Qc2 {[%emt 0:00:31]} O-O {[%emt 0:00:25]} 5. e4 {[%emt 0:00:58]} d5 {[%emt 0:02:09]} 6. e5 {[%emt 0:00:29]} Ne4 {[%emt 0:00:12]} 7. Bd3 {[%emt 0:01:15]} c5 {[%emt 0:02:09]} 8. a3 {[%emt 0:08:57]} Qa5 {[%emt 0:03:01]} 9. axb4 {[%emt 0:01:37]} Qxa1 {[%emt 0:00:10]} 10. bxc5 {[%emt 0:04:41]} Nc6 {[%emt 0:01:24]} 11. Nge2 {[%emt 0:01:42]} Nb4 {[%emt 0:01:39]} 12. Qb1 {[%emt 0:00:55]} Qxb1 {[%emt 0:01:45]} 13. Bxb1 {[%emt 0:00:10]} Nxc3 {[%emt 0:04:03]} 14. bxc3 {[%emt 0:00:20]} Nc6 {[%emt 0:00:13]} 15. Ba2 {[%emt 0:04:32]} dxc4 {[%emt 0:00:46]} 16. Bxc4 {[%emt 0:00:35]} Bd7 {[%emt 0:00:23]} 17. f3 {[%emt 0:03:51]} Rfc8 {[%emt 0:01:49]} 18. O-O {[%emt 0:04:47]} b6 {[%emt 0:00:42]} 19. Ba6 {[%emt 0:01:22]} Rc7 {[%emt 0:00:09]} 20. Ba3 {[%emt 0:00:22]} bxc5 {[%emt 0:00:10]} 21. Bxc5 {[%emt 0:00:11]} Bc8 {[%emt 0:01:51]} 22. Bd3 {[%emt 0:04:05]} Nxe5 {[%emt 0:06:05]} 23. Be4 {[%emt 0:00:16]} Nc6 {[%emt 0:00:48]} 24. Bd6 {[%emt 0:00:24]} f5 {[%emt 0:00:17]} 25. Bxc7 {[%emt 0:01:26]} fxe4 {[%emt 0:00:08]} 26. fxe4 {[%emt 0:00:39]} Ba6 {[%emt 0:00:27]} 27. Kf2 {[%emt 0:03:14]} Bc4 {[%emt 0:05:00]} 28. Ra1 {[%emt 0:01:05]} a5 {[%emt 0:00:38]} 29. Ke3 {[%emt 0:00:37]} a4 {[%emt 0:00:30]} 30. Ra3 {[%emt 0:03:32]} Kf7 {[%emt 0:04:54]} 31. Nf4 {[%emt 0:02:20]} Ke7 {[%emt 0:04:15]} 32. d5 {[%emt 0:01:46]} exd5 {[%emt 0:02:07]} 33. exd5 {[%emt 0:01:07]} Kd7 {[%emt 0:00:48]} 34. Bb6 {[%emt 0:01:38]} Ne5 {[%emt 0:04:16]} 35. Kd4 {[%emt 0:00:27]} Ra6 {[%emt 0:23:10]} 36. Bc5 {[%emt 0:01:01]} Ra5 {[%emt 0:00:29]} 37. Bb4 {[%emt 0:02:00]} Ra8 {[%emt 0:01:14]} 1-0